The International Journal of Social Quality

Na minha lista:
Detalhes bibliográficos
Formato: Periódico
Idioma:inglês
Publicado em: Brooklyn Berghahn Journals
Tags: Adicionar Tag
Sem tags, seja o primeiro a adicionar uma tag!

MARC

LEADER 00000nas1a2200000 4500
001 0299770
005 20250717100747.3
022 |a 1757-0352 
022 |a 1757-0344 
041 0 |a eng 
044 |a US 
245 1 0 |a The International Journal of Social Quality 
264 1 |a Brooklyn  |b Berghahn Journals